Mercadotecnia internacional / (Record no. 87310)

MARC details
000 -LEADER
campo de control de longitud fija 00499nam a2200169 i 4500
001 - NÚMERO DE CONTROL
campo de control 87310
003 - IDENTIFICADOR DE NÚMERO DE CONTROL
campo de control ES-MaACL
007 - CAMPO FIJO DE DESCRIPCIÓN FÍSICA--INFORMACIÓN GENERAL
campo de control de longitud fija t|
008 - DATOS DE LONGITUD FIJA--INFORMACIÓN GENERAL
campo de control de longitud fija 041221s1964 mx ||||1| spa d
100 1# - ENTRADA PRINCIPAL--NOMBRE DE PERSONA
Nombre de persona Kramer, Roland L.
9 (RLIN) 68731
245 10 - MENCIÓN DEL TÍTULO
Título Mercadotecnia internacional /
Mención de responsabilidad, etc. por Roland L. Kramer ; [traductor, Francisco Rostro].
250 ## - MENCION DE EDICION
Mención de edición [1ª ed.].
260 ## - PUBLICACIÓN, DISTRIBUCIÓN, ETC.
Lugar de publicación, distribución, etc. México :
Nombre del editor, distribuidor, etc. Cogesa,
Fecha de publicación, distribución, etc. 1964.
300 ## - DESCRIPCIÓN FÍSICA
Extensión XV, 686 p. ;
Dimensiones 23 cm.
700 1# - ENTRADA AGREGADA--NOMBRE PERSONAL
Nombre de persona Rostro, Francisco.
9 (RLIN) 99930
852 ## - LOCALIZACIÓN
Ubicación ES-MaACL
Número de control de estantería E-8284
Sublocalización o colección R.92755
Holdings
Estatus retirado Estado de pérdida Estado de daño No para préstamo Biblioteca de origen Biblioteca actual Ubicación en estantería Fecha de adquisición Fuente de adquisición Total de préstamos Signatura topográfica completa Código de barras Visto por última vez Precio de reemplazo Tipo de ítem Koha
        Biblioteca del Ateneo de Madrid Biblioteca del Ateneo de Madrid Depósito 2 17/01/2008     E-8284 1091217 23/02/2023 23/02/2023 Libro impreso